00688cam a2200229 a 4500001000800000005001700008008004100025010001700066020001500083035002000098040002300118041000800141042001400149043001200163080002100175082002500196100000700221101000800228245011800236504004000354504006400394439903620180314085403.0940411s1993 ohua bc 001 0 eng d a 92073973  a0931537150 a(OCoLC)27319119 aKyUcKyUdTxUdDLC aeng alccopycat an-us-oh a769.07477178 SPA00a769.07477178 SPA220 a44 aART00aSix centuries of master prints :cedited by Kristin L. Spangenberg ; with essays by David P. Becker ... [et al.]. a"H.G. French bibliography": p. 330. aIncludes bibliographical references (p. 331-338) and index.